000
00241nam a2200109Ia 4500
008
190216s9999||||xx |||||||||||||| ||und||
100
_a
Prasad L M
245
0
_a
Organisational Behaviour
260
_b
Null
_c
1999
300
_a
550p
942
_c
BK
999
_c
5850
_d
5850